000
00292nam a22001337a 4500
003
SGT
082
_a
340.0954,RAM
100
_a
JOIS,RAMA M
245
_a
ANCIENT INDIAN LAW
260
_a
NEW DELHI
_b
UNIVERSAL BOOKS
_c
2012
300
_a
140
650
_a
ANCIENT INDIAN LAW
942
_2
ddc
_c
BK
_0
1
999
_c
9704
_d
9704